000 00595nam a2200229Ia 4500
003 OSt
005 20220912151544.0
006 a|||||r|||| 00| 0
007 ta
008 220909b |||||||| |||| 00| 0 eng d
024 _a23805
037 _cTextual
040 _aCSL
_beng
_cCSL
041 _aeng
082 _aB43, M1-;2
100 _aLimaye Balmohan Vishnu
245 0 _aFunctional analysis
260 _aNew Delhi
_b Wiley Eastern Limited
_c1981
300 _a376p.
_ccm.
942 _hB43, M1-;2
_cTEXL
_2CC
999 _c71204
_d71204